|
|
|
|
| LEADER |
00000nam a2200000 a 4500 |
| 001 |
UCW2623 |
| 003 |
CL-VaPUC |
| 005 |
20210614174442.0 |
| 008 |
900111e19870000SP |||||||||||||||||spa|d |
| 999 |
|
|
|c 217136
|d 217134
|
| 040 |
|
|
|c Pontificia Universidad Católica de Valparaíso
|
| 082 |
0 |
4 |
|a 572 MAC 1987
|2 21
|
| 100 |
|
|
|a Macarulla, José M.
|e autor
|9 373230
|
| 245 |
1 |
0 |
|a Bioquímica humana: curso básico
|
| 260 |
0 |
3 |
|a Barcelona, España
|b Reverté
|c 1987
|
| 300 |
|
|
|a 516 páginas
|
| 583 |
|
|
|a last modification
|c 20111027 03:52:46
|k Rodrigo Vera
|
| 650 |
|
0 |
|a Bioquímica
|9 259492
|
| 650 |
|
7 |
|a QUIMICA FISIOLOGICA
|2 CL-VaPUC
|9 306881
|
| 700 |
0 |
|
|a Goñi, Félix M
|9 306880
|
| 942 |
|
|
|c BK
|2 ddc
|
| 945 |
|
|
|d 19900111 00:00:00
|a mfernand
|
| 952 |
|
|
|0 0
|1 0
|2 ddc
|4 0
|6 572_000000000000000_MAC_1987
|7 0
|8 A
|9 203762
|a BIBCUR
|b BIBCUR
|d 2019-11-15
|i 2710404
|o 572 MAC 1987
|p 2710404
|r 2025-04-22
|t 1
|w 2019-11-15
|y BK
|k QUI
|
| 952 |
|
|
|0 0
|1 0
|2 ddc
|4 0
|6 572_000000000000000_MAC_1987
|7 0
|8 A
|9 203763
|a BIBCUR
|b BIBCUR
|d 2019-11-15
|i 3021823
|l 3
|o 572 MAC 1987
|p 3021823
|r 2025-04-22
|s 2024-04-18
|t 2
|w 2019-11-15
|y BK
|k BIO
|